| 000 | 00915cam a22002651 4500 | ||
|---|---|---|---|
| 001 | 1729843 | ||
| 003 | GBCCL | ||
| 005 | 20241126110423.0 | ||
| 008 | 871116s1906 nikabc 000 0 eng d | ||
| 035 | _a(OCoLC)ocn683805546 | ||
| 035 | _a1729843 | ||
| 040 |
_aWAU _cWAU _dYUS |
||
| 043 | _aa-ii--- | ||
| 049 | _aYUTI | ||
| 082 |
_a266.2354 _bBLA |
||
| 099 |
_aMT80 _aPE _aB575s |
||
| 100 | 1 |
_aBlair, G. W. _93778 |
|
| 245 | 1 | 0 |
_aStation and camp life in the Bheel country. _bA brief history of the origin, aims, and operations of the Irish Presbyterian Jungle tribes' mission, with an account of the Bheels: their manners, customs, religion, etc. _cIntrod. by Geo. P. Taylor. |
| 260 |
_aBelfast, _bGraham & Heslip, _c1906. |
||
| 300 |
_a128 p. _billus., ports., map. |
||
| 650 | 0 |
_aBheel (people) _93779 |
|
| 651 | 0 |
_aBombay (India : State) _xSocial life and customs. _93780 |
|
| 942 |
_2ddc _cBK |
||
| 948 | _aRECON | ||
| 999 |
_c2224 _d2224 |
||